000 00663nam a2200193Ia 4500
003 GCL
008 140319s9999 xx 000 0 ara d
040 _aGCL /
_cGCL
082 0 4 _a330.121
_bع ع
100 1 _aعيسى عبده
245 1 0 _aالعمل فى الاسلام كتاب يبحث فى العمل والعاملين فى الشريعة الاسلامية والنظم الوضعية /
_cعيسى عبده
700 1 _aاحمد عيسى يحيى
260 _a[S.N] :
_bدار المعارف
490 _a
650 0 4 _aالاسلام
650 0 4 _aالاقتصاد الاسلامى
650 0 4 _aالاسلام - احكام
942 _2ddc
_cBK
999 _c56016
_d56016